000 00804nam a2200217Ii 4500
003 JO-AjNU
008 230605s9999||||xx |||||||||||||| ||und||
017 _a2010
040 _aJO-AjNU
_bara
_erda
_cJO-AjNU
041 _aara
050 1 4 _aHD30.24.A44.2010
100 3 _aامين،بهاء الدين,
_eauthor
_929410
245 0 0 _aدراسات الجدوى الاقتصادية: دليل المستثمرين واصحاب رؤوس الاموال والاكاديميين والاستشاريين والطلاب
250 _aط1
264 3 1 _aعمان:دار زهران للنشر والتوزيع،2010
300 _a159ص
336 _atext
_btxt
_2rdacontent
337 _aunmediated
_bn
_2rdamedia
338 _avolume
_bnc
_2rdacarrier
650 4 _aالجدوى الاقتصادية
_929411
999 _aA11533
_c15101
_d15101